Loading...
| Fine Arts - Classical Music | 0 | 11 | 0 | 1 | 110 | 94 | 128.64 | 0 | 0 | 0.00 | 0.00 |
| Philosophy | 0 | 11 | 2 | 0 | 100 | 91 | 121.09 | 0 | 0 | 0.00 | 0.00 |
| Literature - World | 0 | 10 | 0 | 0 | 100 | 98 | 127.20 | 0 | 1 | 0.00 | 0.00 |
| Fine Arts - Other | 0 | 8 | 0 | 0 | 80 | 86 | 121.38 | 0 | 0 | 0.00 | 0.00 |
| Science - Other | 0 | 6 | 0 | 1 | 60 | 118 | 126.00 | 0 | 0 | 0.00 | 0.00 |
| Literature - American | 0 | 7 | 3 | 1 | 55 | 128 | 143.14 | 0 | 0 | 0.00 | 0.00 |
| Literature - British | 0 | 5 | 1 | 1 | 45 | 118 | 141.80 | 0 | 0 | 0.00 | 0.00 |
| History - American | 0 | 4 | 1 | 0 | 35 | 109 | 113.50 | 0 | 0 | 0.00 | 0.00 |
| Fine Arts - Painting & Sculpture | 0 | 5 | 4 | 0 | 30 | 107 | 122.20 | 0 | 0 | 0.00 | 0.00 |
| Science - Physics | 0 | 2 | 0 | 0 | 20 | 114 | 122.00 | 0 | 0 | 0.00 | 0.00 |
| Mythology | 0 | 2 | 0 | 0 | 20 | 87 | 101.00 | 0 | 0 | 0.00 | 0.00 |
| Literature - European | 0 | 2 | 1 | 0 | 15 | 100 | 123.00 | 0 | 0 | 0.00 | 0.00 |
| Other Academic | 0 | 1 | 0 | 0 | 10 | 137 | 137.00 | 0 | 0 | 0.00 | 0.00 |
| Geography | 0 | 1 | 0 | 0 | 10 | 137 | 137.00 | 0 | 0 | 0.00 | 0.00 |
| Social Science | 0 | 1 | 2 | 0 | 0 | 111 | 111.00 | 0 | 0 | 0.00 | 0.00 |
| Science - Chemistry | 0 | 0 | 1 | 0 | -5 | 0.00 | 0 | 0 | 0.00 | 0.00 | |
| History - World | 0 | 0 | 1 | 0 | -5 | 0.00 | 0 | 0 | 0.00 | 0.00 |